000 00198 a2200097 4500
001 4853
100 _aMartin,C
245 _aAtom: friend or foe, the
260 _a
_bHarrap
_c
090 _c4044
_d4044
942 _aNUST-CAE
_cM
_c30317
999 _c239926
_d239926